00525nam a2200169Ia 4500008004100000020001400041041000800055082001700063100002000080245005000100250000600150260005300156300000800209650000900217999001900226952011000245210716s1987 xx 000 0 und d a810464764 aeng a005.134 JEND aJenkins, David. aDbase III: tips and tricks.bTips and tricks. a1 aNew DelhibCBS Publishers and Distributorsc1987 a160 aNone c180737d180737 001040708MCAaAIMITbAIMITd2021-07-16l0o005.134 JENDpMCA00245r2025-07-21 00:00:00w2021-07-16yBK